[Event "53rd New York Masters"]
[Site "New York"]
[Date "2003.04.22"]
[Round "1"]
[White "Sarkar, Justin"]
[Black "Ross, Laura R"]
[Result "0-1"]
[WhiteElo "2426"]
[BlackElo "2139"]
[PlyCount "104"]
[EventDate "2003.04.22"]
[SourceDate "2002.01.21"]

1. e4 c5 2. Nf3 g6 3. d4 cxd4 4. Qxd4 Nf6 5. e5 Nc6 6. Qa4 Nd5 7. Qb3 Nc7 8.
Bc4 Ne6 9. Bxe6 dxe6 10. Bf4 Bg7 11. Nbd2 O-O 12. O-O-O Qb6 13. Qxb6 axb6 14.
a3 b5 15. c3 h6 16. h4 b6 17. Nb3 Bb7 18. Rd7 Rab8 19. Rhd1 Rfc8 20. Nbd4 b4
21. Rxb7 Rxb7 22. Nxc6 Rxc6 23. Rd8+ Kh7 24. axb4 Rc4 25. Nd4 Rbc7 26. Kd2 Rc8
27. Rd7 R4c7 28. Rxc7 Rxc7 29. Kd3 g5 30. hxg5 hxg5 31. Bh2 Rd7 32. Ke4 Kg6 33.
b5 f5+ 34. Kd3 Kf7 35. f4 Bh6 36. c4 gxf4 37. Kc3 Rd8 38. Bg1 Rg8 39. Nc6 Rg3+
40. Kb4 Rxg2 41. Bxb6 Rxb2+ 42. Kc3 Rb1 43. Nd8+ Ke8 44. Nxe6 f3 45. Kc2 Rc1+
46. Kd3 Rf1 47. Nd4 Rd1+ 48. Kc2 f2 49. Kxd1 f1=Q+ 50. Kc2 Qxc4+ 51. Kb2 Bc1+
52. Kb1 Be3 0-1

[Event "53rd New York Masters"]
[Site "New York"]
[Date "2003.04.22"]
[Round "2"]
[White "Shahade, Gregory"]
[Black "Milman, Lev"]
[Result "1-0"]
[WhiteElo "2495"]
[BlackElo "2400"]
[PlyCount "87"]
[EventDate "2003.04.22"]
[SourceDate "2002.01.21"]

1. c4 Nf6 2. Nc3 g6 3. d4 Bg7 4. e4 d6 5. f3 O-O 6. Nge2 Nc6 7. Be3 a6 8. Rb1
Bd7 9. b4 b5 10. cxb5 axb5 11. d5 Ne5 12. Nd4 Ra3 13. Rb3 Rxb3 14. Qxb3 Nh5 15.
Bxb5 f5 16. exf5 gxf5 17. O-O Kh8 18. Bxd7 Qxd7 19. Ne6 Rg8 20. Bd4 Bf6 21. f4
Ng6 22. Bxf6+ Nxf6 23. Qc4 Qc8 24. Kh1 Qa8 25. a4 Qa7 26. Qd4 Qb7 27. b5 Qb6
28. Qxb6 cxb6 29. Nd4 Ra8 30. g3 Ne4 31. Nxe4 fxe4 32. Ra1 Nf8 33. Nc6 e6 34.
a5 exd5 35. a6 Ne6 36. Rd1 Nc7 37. Nd4 Nxa6 38. bxa6 Rxa6 39. Nf5 Ra5 40. Nxd6
Kg7 41. Rb1 d4 42. Nxe4 b5 43. Nd6 d3 44. Rd1 1-0

[Event "53rd New York Masters"]
[Site "New York"]
[Date "2003.04.22"]
[Round "3"]
[White "Lapshun, Yury"]
[Black "Paschall, William M"]
[Result "1-0"]
[WhiteElo "2566"]
[BlackElo "2483"]
[PlyCount "75"]
[EventDate "2003.04.22"]
[SourceDate "2002.01.21"]

1. b4 d5 2. Bb2 Bg4 3. Qc1 Nd7 4. c4 e6 5. e3 Ngf6 6. a3 a5 7. c5 c6 8. Be2
Bxe2 9. Nxe2 b6 10. d4 Be7 11. O-O O-O 12. Nd2 Qc7 13. Qc2 Ng4 14. g3 f5 15.
Nf4 Rf6 16. h3 Nh6 17. Nd3 a4 18. cxb6 Qxb6 19. Rac1 Nb8 20. Nf3 Rf8 21. Nf4
Re8 22. Ne5 Ra6 23. Qe2 Bd6 24. Nfd3 Ra7 25. Rc2 Nf7 26. Rfc1 Nxe5 27. dxe5 Bf8
28. Bd4 Qa6 29. Bxa7 Qxa7 30. Nc5 g6 31. Rc3 Bg7 32. f4 Bf8 33. h4 h6 34. Kf2
Re7 35. Qc2 Re8 36. Qd1 g5 37. hxg5 hxg5 38. Qh5 1-0

[Event "53rd New York Masters"]
[Site "New York"]
[Date "2003.04.22"]
[Round "4"]
[White "Paschall, William M"]
[Black "Milman, Lev"]
[Result "1/2-1/2"]
[WhiteElo "2483"]
[BlackElo "2400"]
[PlyCount "186"]
[EventDate "2003.04.22"]
[SourceDate "2002.01.21"]

1. g3 c5 2. Bg2 g6 3. c4 Bg7 4. Nc3 Nc6 5. a3 Nf6 6. Rb1 a5 7. Nh3 O-O 8. Nf4
d6 9. d3 Ne8 10. h4 h5 11. Bd2 Nc7 12. O-O Rb8 13. Qb3 Bd7 14. Qb6 Ne6 15. Qxd8
Rfxd8 16. Nfd5 Ned4 17. Bg5 f6 18. Be3 Kf7 19. Nb6 Bg4 20. f3 Bf5 21. Bf2 Nb3
22. Rbd1 Bh6 23. e3 Ne5 24. e4 Be6 25. Rfe1 Nd2 26. Rxd2 Bxd2 27. Rd1 Bh6 28.
Ncd5 Nd7 29. Be1 Nxb6 30. Nxb6 a4 31. Kf2 Bg7 32. Bc3 f5 33. Bf1 fxe4 34. dxe4
Bxc3 35. bxc3 Bd7 36. Ke3 Bc6 37. Bh3 e6 38. Kf4 Ke7 39. Kg5 Rf8 40. Bg2 Kd8
41. Rb1 Kc7 42. f4 Rg8 43. Rb2 Rbe8 44. Bf3 Ref8 45. Bg2 Rf7 46. Bh3 Re7 47.
Kf6 Ree8 48. Bxe6 Rgf8+ 49. Kg7 Bxe4 50. Nd5+ Bxd5 51. cxd5 Rb8 52. c4 b5 53.
cxb5 Kb6 54. Kxg6 Rh8 55. f5 c4 56. f6 Kc5 57. f7 c3 58. Rb1 Kc4 59. Kg7 Kd3
60. Bf5+ Kd2 61. b6 Rhf8 62. b7 c2 63. Rb2 Rxf7+ 64. Kxf7 Rxb7+ 65. Rxb7 c1=Q
66. g4 hxg4 67. Bxg4 Qxa3 68. Ra7 Qb3 69. Be6 a3 70. h5 a2 71. h6 Qb2 72. h7
a1=Q 73. Rxa1 Qxa1 74. Kg8 Qg1+ 75. Kf8 Qh2 76. Kg8 Qg3+ 77. Kf8 Qh4 78. Kg7
Qg5+ 79. Kf8 Qh6+ 80. Kg8 Qg6+ 81. Kh8 Ke3 82. Bf7 Qf6+ 83. Kg8 Qg5+ 84. Kf8
Qh6+ 85. Kg8 Qg5+ 86. Kf8 Qe5 87. Kg8 Qg3+ 88. Kf8 Qh2 89. Kg8 Qg2+ 90. Kf8 Qh3
91. Kg8 Qg4+ 92. Kf8 Qh4 93. Kg8 Qg5+ 1/2-1/2

[Event "54th New York Masters"]
[Site "New York"]
[Date "2003.04.29"]
[Round "1"]
[White "Yudasin, Leonid"]
[Black "Furdzik, Rafal"]
[Result "1-0"]
[WhiteElo "2666"]
[BlackElo "2287"]
[Annotator "Furdzik, R"]
[PlyCount "69"]
[EventDate "2003.04.29"]
[SourceDate "2002.01.21"]

1. e4 c6 2. d4 d5 3. e5 Bf5 4. c3 e6 5. Be3 Qb6 6. Qb3 Nd7 7. Nd2 f6 8. f4 g5
$5 9. Ngf3 gxf4 10. Bxf4 Bh6 $5 11. Bxh6 Nxh6 12. exf6 Nxf6 13. Be2 Rg8 14. O-O
$6 Ne4 $6 (14... Qc7 $1 $36 15. Ne5 Nhg4 16. Bxg4 Nxg4 17. Nxg4 Rxg4 18. Rf2
O-O-O 19. Nf3 Rdg8 20. Ne5 R4g5 21. Re1 Qg7 22. g3 h5 $1 $17 (22... Rxg3+ $11))
15. Nxe4 Bxe4 16. g3 Nf5 17. Ne5 O-O-O $2 (17... Qxb3 18. axb3 Ke7 19. Bg4 (19.
b4 a6 20. Bg4 Raf8 $11) 19... a6 20. Bxf5 (20. Rf4 Raf8 21. Bxf5 Rxf5 $1 $11)
20... exf5 21. Rf4 Ke6 22. Rh4 Rg7 23. Rh6+ Ke7 24. Rf1 Rf8 25. Rf4 Rf6 26.
Rfh4 Rxh6 27. Rxh6 f4 28. Kf2 Rg5 $11) (17... Rg5 $5 18. Rf4 Qc7 19. Raf1 Qg7
20. Bg4 h5 $1 21. Rxe4 $1 hxg4 22. Rxg4 Rxg4 23. Nxg4 Nxg3 (23... Qxg4 24. Qxb7
Rd8 25. Qxc6+ Ke7 26. Qc5+ Kf6 27. Qxa7 Rh8 28. Qc7 Qe2 $11 {perpetual})) 18.
Qxb6 axb6 19. Bg4 $16 Kc7 20. Rf4 Rg7 21. Bxf5 exf5 22. Kf2 Kd6 23. Rh4 Re8 $1
$14 {xe5} 24. Ke3 c5 $2 (24... Rxe5 $1 25. dxe5+ Kxe5 26. Rd1 c5 27. Rf4 b5 28.
Rf2 b4 29. cxb4 d4+ 30. Kd2 c4 31. a4 Rc7 32. a5 c3+ 33. bxc3 dxc3+ 34. Kc1 Rc4
$11) 25. Rf1 (25. Kf4 $1 $16) 25... b5 (25... Rxe5 $1 $14) 26. Rh6+ Re6 27.
Rxe6+ Kxe6 28. Rf4 h5 29. Rh4 Rh7 30. Kf4 Kf6 $5 (30... cxd4 31. cxd4 Kf6 32.
a3 $16) 31. dxc5 (31. a3 $14 b6 32. h3 Ke6 33. Kg5 Rg7+ 34. Kxh5 $2 Rxg3 $15)
31... Re7 $1 32. Nf3 $2 (32. g4 $3 hxg4 $8 (32... Rxe5 $4 33. g5+ Kg6 (33...
Ke6 34. Rxh5 $18 {Rh6}) 34. Kxe5 Kxg5 35. Rf4 $18) (32... fxg4 $2 33. Rxh5 $18)
33. Rh6+ Kg7 34. Rb6 Rc7 35. Rxb5 $18) 32... Bc2 $1 33. g4 $1 (33. Ng5 $2 Bd1
$1 $17 34. g4 Bxg4 35. h3 Bd1 $19) 33... Bd1 $4 $138 (33... Re4+ 34. Kg3 hxg4
35. Nd4 Bb1 $1 (35... Bd1 $6 36. Rh6+ Kg5 37. Rd6 f4+ 38. Kf2 $16 {
And unclear how to push black pawns} Kh4 $5 39. Rd7 $1 (39. Nf5+ Kg5 40. Rxd5
Re2+) 39... g3+ 40. Kg2 f3+ 41. Nxf3+ Bxf3+ 42. Kxf3 gxh2 43. Rh7+ Kg5 44. Rxh2
Rc4 45. Ke3 $16) 36. Rh6+ Kg5 37. Rb6 f4+ 38. Kf2 Re7 $11) (33... fxg4 34. Nd4
Bg6 $15 35. h3 (35. Nxb5 $4 Re4+ 36. Kg3 Kg5 $19) 35... b4 36. hxg4 hxg4 37.
Rh8 $1 (37. Kxg4 bxc3 38. bxc3 Re4+ 39. Kg3 Re3+ $15) 37... Re4+ 38. Kg3 bxc3
39. bxc3 Re3+ 40. Kxg4 Rxc3 $15) 34. g5+ Kg7 35. Ne5 $18 1-0

[Event "55th New York Masters"]
[Site "New York"]
[Date "2003.05.06"]
[Round "1"]
[White "Ehlvest, Jaan"]
[Black "Shahade, Jennifer"]
[Result "1-0"]
[WhiteElo "2705"]
[BlackElo "2375"]
[PlyCount "85"]
[EventDate "2003.05.06"]
[SourceDate "2002.01.21"]

1. d4 Nf6 2. Nf3 g6 3. c4 Bg7 4. Nc3 d5 5. Qb3 dxc4 6. Qxc4 O-O 7. e4 Nc6 8.
Be2 Bg4 9. d5 Na5 10. Qa4 Bxf3 11. Bxf3 c6 12. O-O b5 13. Qb4 a6 14. Rd1 Nd7
15. Ne2 c5 16. Qe1 Ne5 17. Nf4 Nxf3+ 18. gxf3 Nc4 19. Qe2 Qc8 20. Rb1 Ne5 21.
Bd2 g5 22. Nd3 Qh3 23. Nxe5 Bxe5 24. f4 gxf4 25. Qf1 Qh5 26. f3 Kh8 27. Kh1 Rg8
28. Qe2 Rg3 29. Rf1 Rag8 30. Bc3 Bxc3 31. bxc3 Qh3 32. Rf2 Qh5 33. e5 Qg6 34.
Qf1 Rg5 35. Re1 Qh5 36. Qe2 Qg6 37. Qf1 Qg7 38. Rfe2 Rd8 39. d6 exd6 40. exd6
Qxc3 41. Re8+ Rxe8 42. Rxe8+ Kg7 43. d7 1-0

[Event "55th New York Masters"]
[Site "New York"]
[Date "2003.05.06"]
[Round "2"]
[White "Shabalov, Alexander"]
[Black "Stripunsky, Alexander"]
[Result "0-1"]
[WhiteElo "2676"]
[BlackElo "2643"]
[PlyCount "94"]
[EventDate "2003.05.06"]
[SourceDate "2002.01.21"]

1. d4 d5 2. c4 c6 3. Nc3 Nf6 4. e3 e6 5. Nf3 Nbd7 6. Bd3 dxc4 7. Bxc4 b5 8. Bd3
Bd6 9. O-O O-O 10. Bd2 Bb7 11. Rc1 Rc8 12. Ne2 b4 13. e4 c5 14. e5 Bxf3 15.
exd6 Bxe2 16. Qxe2 cxd4 17. Bxb4 Qb6 18. Ba3 Nc5 19. Qc2 Nfd7 20. Bxh7+ Kh8 21.
b4 Qa6 22. bxc5 Qxa3 23. Qe4 Rxc5 24. Qh4 Nf6 25. Bb1+ Kg8 26. Rcd1 Rd5 27. Rd3
Qxd6 28. g4 Rb8 29. g5 Ne8 30. Rh3 Kf8 31. Be4 Rc5 32. Rd1 Qe5 33. Rg3 g6 34.
Rdd3 Rc3 35. Rgf3 Rxd3 36. Bxd3 Ke7 37. Qh7 Qxg5+ 38. Rg3 Qh5 39. Qg8 Rd8 40.
Bxg6 fxg6 41. Rxg6 Qf5 42. Rh6 Rc8 43. Rh7+ Kd6 44. Qg3+ Kc6 45. Rxa7 Nc7 46.
Qb3 Qg5+ 47. Kf1 Qb5+ 0-1

[Event "55th New York Masters"]
[Site "New York"]
[Date "2003.05.06"]
[Round "3"]
[White "Stripunsky, Alexander"]
[Black "Bonin, Jay R"]
[Result "1/2-1/2"]
[WhiteElo "2643"]
[BlackElo "2462"]
[PlyCount "178"]
[EventDate "2003.05.06"]
[SourceDate "2002.01.21"]

1. e4 c6 2. d4 d6 3. Nc3 g6 4. Be3 Bg7 5. Nf3 b5 6. Bd3 Bb7 7. a4 b4 8. Ne2 a5
9. c3 Nd7 10. Qd2 c5 11. dxc5 Nxc5 12. Bxc5 dxc5 13. Bb5+ Kf8 14. Qe3 Qc7 15.
O-O Nf6 16. Rad1 Bxe4 17. Ng3 Bb7 18. Rfe1 Nd5 19. Qd3 bxc3 20. bxc3 Bxc3 21.
Re2 Bf6 22. Red2 Kg7 23. Qc4 Nb6 24. Qg4 Rhd8 25. Nh5+ Kh8 26. Nxf6 exf6 27. h4
Rxd2 28. Rxd2 h5 29. Qh3 Bc8 30. Qg3 Qxg3 31. fxg3 Be6 32. Rd6 Rb8 33. Nd2 Kg7
34. Ne4 c4 35. Nc3 Kf8 36. Rc6 Ke7 37. Kf2 Nd7 38. Ra6 Ne5 39. Rxa5 Rd8 40.
Ra7+ Kf8 41. Ne4 Ng4+ 42. Ke2 Rd3 43. Nc5 Re3+ 44. Kd2 c3+ 45. Kc2 Bf5+ 46. Bd3
Rxd3 47. Nxd3 Ne5 48. Kxc3 Bxd3 49. a5 Bf1 50. a6 Bxg2 51. Rc7 g5 52. a7 Kg7
53. Kd4 gxh4 54. gxh4 Kg6 55. Ke3 Kf5 56. Kf2 Bd5 57. Kg3 Ke6 58. Rc8 Nd7 59.
Re8+ Kd6 60. a8=Q Bxa8 61. Rxa8 Ke6 62. Rh8 Kf5 63. Rxh5+ Kg6 64. Ra5 Ne5 65.
Kf4 Kh5 66. Kg3 Kg6 67. Rb5 Nc6 68. h5+ Kh6 69. Rb6 Ne5 70. Rxf6+ Kg5 71. Rf1
f5 72. h6 Kxh6 73. Rxf5 Ng6 74. Kg4 Kg7 75. Kg5 Ne7 76. Rc5 Kf7 77. Re5 Nc6 78.
Re2 Nd4 79. Re3 Ne6+ 80. Kf5 Nd4+ 81. Ke5 Nc6+ 82. Kd6 Nd4 83. Re5 Kf6 84. Kd5
Nf5 85. Re2 Ne7+ 86. Ke4 Ke6 87. Rc2 Kd6 88. Rd2+ Ke6 89. Rd5 Nxd5 1/2-1/2

[Event "56th New York Masters"]
[Site "New York"]
[Date "2003.05.13"]
[Round "1"]
[White "Hahn, Anna"]
[Black "Bonin, Jay R"]
[Result "0-1"]
[WhiteElo "2231"]
[BlackElo "2462"]
[PlyCount "56"]
[EventDate "2003.05.13"]
[SourceDate "2002.01.21"]

1. d4 Nc6 2. c4 e5 3. d5 Nce7 4. e4 Nf6 5. Nc3 Ng6 6. Nf3 Bc5 7. Bd3 O-O 8. O-O
a5 9. a3 d6 10. Rb1 Nh5 11. b4 axb4 12. axb4 Bb6 13. Na4 Ba7 14. Bc2 Nhf4 15.
c5 Bg4 16. g3 Qf6 17. Rb3 Bxc5 18. Nxc5 dxc5 19. bxc5 Ra1 20. gxf4 Nxf4 21. Kh1
Nh3 22. Qe2 Rfa8 23. Rc3 R8a2 24. Kg2 Rxc1 25. Rxc1 Nf4+ 26. Kf1 Nxe2 27. Kxe2
Qf4 28. Re3 Bxf3+ 0-1

[Event "58th New York Masters"]
[Site "New York"]
[Date "2003.05.27"]
[Round "2"]
[White "Shahade, Gregory"]
[Black "Bonin, Jay R"]
[Result "1-0"]
[WhiteElo "2495"]
[BlackElo "2462"]
[PlyCount "63"]
[EventDate "2003.05.27"]
[SourceDate "2002.01.21"]

1. e4 c6 2. d4 d6 3. Nc3 a6 4. Nf3 Bg4 5. Be2 Bxf3 6. Bxf3 e5 7. O-O Be7 8. Be2
Bg5 9. f4 Bxf4 10. Bxf4 exf4 11. Rxf4 Nd7 12. Bc4 Ngf6 13. e5 dxe5 14. dxe5
Nxe5 15. Qe2 Qe7 16. Re1 Nfd7 17. Rxf7 Qc5+ 18. Kh1 O-O-O 19. Ne4 Qb6 20. Rxg7
Nxc4 21. Qxc4 Qxb2 22. Re7 Kb8 23. Nd6 Rhf8 24. h3 Rf2 25. Nf7 Rg8 26. Rxd7
Rgxg2 27. Re8+ Ka7 28. Qc5+ Qb6 29. Rxb7+ Kxb7 30. Rb8+ Kxb8 31. Qxb6+ Kc8 32.
Qxc6+ 1-0

[Event "58th New York Masters"]
[Site "New York"]
[Date "2003.05.27"]
[Round "4"]
[White "Bonin, Jay R"]
[Black "Stripunsky, Alexander"]
[Result "0-1"]
[WhiteElo "2462"]
[BlackElo "2643"]
[PlyCount "92"]
[EventDate "2003.05.27"]
[SourceDate "2002.01.21"]

1. Nc3 d5 2. e4 d4 3. Nce2 e5 4. Ng3 Be6 5. c3 g6 6. cxd4 exd4 7. f4 Ne7 8. Nf3
Bg7 9. Ng5 Qd7 10. Nxe6 Qxe6 11. Bb5+ c6 12. Ba4 d3 13. O-O Na6 14. Bb3 Qd6 15.
Bxf7+ Kxf7 16. Qb3+ Qe6 17. Qxe6+ Kxe6 18. f5+ gxf5 19. exf5+ Kf7 20. f6 Bxf6
21. Ne4 Nd5 22. b3 Kg6 23. Nxf6 Nxf6 24. Bb2 Rhf8 25. Rae1 Nc7 26. Re7 Ncd5 27.
Rxb7 Rf7 28. Rxf7 Kxf7 29. Rf3 Re8 30. Rxd3 Re4 31. h3 Ke6 32. a3 Re1+ 33. Kf2
Rb1 34. Bxf6 Kxf6 35. b4 Ke5 36. Kg3 Rd1 37. Kh4 Ke4 38. Rg3 Rxd2 39. Rg7 a6
40. g4 Rd3 41. Rxh7 Rxa3 42. g5 Kf5 43. Rf7+ Kg6 44. Rd7 Rc3 45. Rd6+ Kf5 46.
g6 Nf4 0-1

[Event "60th New York Masters"]
[Site "New York"]
[Date "2003.06.10"]
[Round "3"]
[White "Blatny, Pavel"]
[Black "Bonin, Jay R"]
[Result "1-0"]
[WhiteElo "2563"]
[BlackElo "2440"]
[PlyCount "73"]
[EventDate "2003.06.10"]
[SourceDate "2002.01.21"]

1. b3 d5 2. Bb2 c5 3. e3 a6 4. g3 Nc6 5. Bg2 e5 6. d3 Be6 7. Nd2 Qd7 8. h3 f6
9. Ne2 Nh6 10. e4 d4 11. Nc4 Bxc4 12. bxc4 b5 13. cxb5 axb5 14. h4 c4 15. Bh3
Qd6 16. O-O g5 17. hxg5 fxg5 18. Bc1 Qg6 19. c3 Qh5 20. Be6 Nd8 21. Bf5 Nxf5
22. exf5 Ra6 23. Nxd4 Qxd1 24. Rxd1 exd4 25. dxc4 dxc3 26. cxb5 Rd6 27. Bxg5
Nb7 28. Re1+ Kf7 29. Rac1 Rd3 30. Re6 Nd6 31. b6 Rg8 32. Bh4 Rg4 33. Kg2 Rb4
34. Bf6 Nxf5 35. Rc6 Bc5 36. Bxc3 Rc4 37. b7 1-0

[Event "61st New York Masters"]
[Site "New York"]
[Date "2003.06.17"]
[Round "1"]
[White "Blatny, Pavel"]
[Black "Kedyk, Dmitry"]
[Result "1/2-1/2"]
[WhiteElo "2458"]
[BlackElo "2108"]
[PlyCount "68"]
[EventDate "2003.06.17"]
[SourceDate "2002.01.21"]

1. b3 e5 2. Bb2 Nc6 3. e3 d5 4. Bb5 Bd6 5. f4 Qe7 6. Nf3 Bg4 7. fxe5 Bxe5 8.
Bxe5 Bxf3 9. Qxf3 Qxe5 10. d4 Qe6 11. c4 Nf6 12. Nc3 O-O-O 13. O-O Ne7 14. c5
Kb8 15. Bd3 Rhf8 16. b4 Ng4 17. Rae1 f5 18. h3 Nh6 19. Qg3 Nhg8 20. b5 Nf6 21.
b6 axb6 22. cxb6 Qxb6 23. Rb1 Qd6 24. Qf2 Ne4 25. Qb2 b6 26. Nb5 Qh6 27. Rfe1
Nc8 28. a4 f4 29. Bxe4 dxe4 30. Qc2 c6 31. Rec1 f3 32. Qxc6 Qxe3+ 33. Kh2 Qf4+
34. Kg1 Qe3+ 1/2-1/2

[Event "61st New York Masters"]
[Site "New York"]
[Date "2003.06.17"]
[Round "2"]
[White "Braylovsky, Gregory"]
[Black "Ippolito, Dean"]
[Result "1-0"]
[WhiteElo "2327"]
[BlackElo "2371"]
[PlyCount "99"]
[EventDate "2003.06.17"]
[SourceDate "2002.01.21"]

1. e4 e5 2. Nf3 Nf6 3. Nxe5 d6 4. Nf3 Nxe4 5. Qe2 Qe7 6. d3 Nf6 7. Bg5 Qxe2+ 8.
Bxe2 Be7 9. Nc3 c6 10. O-O-O Na6 11. Rhe1 Nc7 12. d4 Be6 13. h3 O-O-O 14. Bd3
h6 15. Bh4 g5 16. Bg3 Rde8 17. a3 Kd7 18. Bh2 Bd8 19. Nd2 Ncd5 20. Nxd5 Nxd5
21. c4 Nc7 22. f4 gxf4 23. Bxf4 d5 24. b3 Bg5 25. Bh2 Kd8 26. Kc2 Bd7 27. Nf3
Bf6 28. Be5 Bxe5 29. Nxe5 Be6 30. Rf1 Reg8 31. Rd2 Rg7 32. Rdf2 Ke7 33. Kc3 h5
34. Bf5 Rg3+ 35. Kc2 Bxf5+ 36. Rxf5 Rxg2+ 37. Kc3 Rg3+ 38. Kb4 Rf8 39. Rxf7+
Rxf7 40. Rxf7+ Kd8 41. Kc5 Ne8 42. Rxb7 dxc4 43. Nxc6+ Kc8 44. Rb8+ Kd7 45.
Rd8+ Kc7 46. Rxe8 cxb3 47. Re7+ Kc8 48. Nxa7+ Kd8 49. Nc6+ Kc8 50. Kb6 1-0

[Event "61st New York Masters"]
[Site "New York"]
[Date "2003.06.17"]
[Round "2"]
[White "Furdzik, Rafal"]
[Black "Blatny, Pavel"]
[Result "0-1"]
[WhiteElo "2240"]
[BlackElo "2458"]
[PlyCount "64"]
[EventDate "2003.06.17"]
[SourceDate "2002.01.21"]

1. e4 g6 2. d4 c6 3. Nc3 d5 4. e5 h5 5. h3 a5 6. Nf3 Na6 7. Be2 Nc7 8. O-O Bh6
9. Bd3 Bf5 10. Bxf5 gxf5 11. Ne2 Ne6 12. Qd3 Bxc1 13. Raxc1 Nh6 14. c4 dxc4 15.
Rxc4 Qd7 16. Rd1 Rd8 17. Rc2 Rg8 18. Kh1 a4 19. Qe3 Rh8 20. Nc3 Ng4 21. Qe1 Nf4
22. Nxa4 Qe6 23. hxg4 hxg4+ 24. Nh2 Qh6 25. Qg1 e6 26. g3 Nh3 27. Qg2 Ng5 28.
Kg1 Qxh2+ 29. Qxh2 Nf3+ 30. Kf1 Rxh2 31. Rd3 Rh1+ 32. Kg2 Rg1# 0-1

[Event "61st New York Masters"]
[Site "New York"]
[Date "2003.06.17"]
[Round "3"]
[White "Vovsha, Eli"]
[Black "Braylovsky, Gregory"]
[Result "1/2-1/2"]
[WhiteElo "2432"]
[BlackElo "2327"]
[PlyCount "45"]
[EventDate "2003.06.17"]
[SourceDate "2002.01.21"]

1. e4 c5 2. Nf3 Nc6 3. d4 cxd4 4. Nxd4 e5 5. Nb5 d6 6. N1c3 a6 7. Na3 Be6 8.
Nd5 Nf6 9. Bg5 Bxd5 10. exd5 Qa5+ 11. c3 Qxd5 12. Bxf6 Qxd1+ 13. Rxd1 gxf6 14.
Nc4 O-O-O 15. Ne3 Ne7 16. Bc4 Bh6 17. Bxf7 Bxe3 18. fxe3 Rhf8 19. Be6+ Kc7 20.
e4 f5 21. exf5 Nxf5 22. Ke2 Ne7 23. Rhf1 1/2-1/2

[Event "62nd New York Masters"]
[Site "New York"]
[Date "2003.06.24"]
[Round "4"]
[White "Bonin, Jay R"]
[Black "Kedyk, Dmitry"]
[Result "1-0"]
[WhiteElo "2440"]
[BlackElo "2361"]
[PlyCount "67"]
[EventDate "2003.06.24"]
[SourceDate "2002.01.21"]

1. Nc3 d5 2. e4 dxe4 3. Nxe4 Nd7 4. h3 Ngf6 5. Nxf6+ Nxf6 6. Bc4 e6 7. d4 Be7
8. Nf3 a6 9. Qe2 b5 10. Bd3 Bb7 11. Bxb5+ c6 12. Bd3 O-O 13. Bg5 c5 14. dxc5
Bxc5 15. O-O-O Qb6 16. Ne5 Bd4 17. c3 Bxe5 18. Qxe5 Nd5 19. Be3 Nxe3 20. Qxe3
Qa5 21. Kb1 Rab8 22. c4 Bxg2 23. Rhg1 Bf3 24. Rc1 Bh5 25. Rg5 Qb4 26. Bxh7+
Kxh7 27. Rxh5+ Kg8 28. b3 Qa3 29. Rg1 f6 30. Rxg7+ Kxg7 31. Qg3+ Kf7 32. Rh7+
Ke8 33. Qg6+ Kd8 34. Qd3+ 1-0

[Event "63rd New York Masters"]
[Site "New York"]
[Date "2003.07.08"]
[Round "1"]
[White "Kedyk, Dmitry"]
[Black "Stripunsky, Alexander"]
[Result "1-0"]
[WhiteElo "2361"]
[BlackElo "2651"]
[PlyCount "90"]
[EventDate "2003.07.08"]
[SourceDate "2002.01.21"]

1. e4 c5 2. Nf3 e6 3. d4 cxd4 4. Nxd4 a6 5. Bd3 Bc5 6. Nb3 Ba7 7. O-O Nc6 8. c4
d6 9. Nc3 Nge7 10. Re1 O-O 11. Be3 e5 12. Bxa7 Rxa7 13. Qh5 Be6 14. Nd5 a5 15.
Re3 a4 16. Nd2 Nd4 17. Rae1 Bxd5 18. exd5 g6 19. Qh3 b6 20. f4 Nef5 21. fxe5
Nxe3 22. Qxe3 dxe5 23. Qxe5 Qh4 24. Re4 Qh6 25. Rf4 Nf5 26. Bxf5 gxf5 27. Qxf5
Kh8 28. Ne4 Re7 29. d6 Rxe4 30. Qxe4 Qxd6 31. Qd4+ Qxd4+ 32. Rxd4 Rc8 33. Kf2
Kg7 34. b3 axb3 35. axb3 Rc6 36. Ke3 Kf6 37. Rd5 Re6+ 38. Kd3 Re1 39. Kc3 Rg1
40. Rd2 Rh1 41. h3 h5 42. b4 h4 43. Kd4 Kf5 44. c5 bxc5+ 45. bxc5 Kf4 1-0

[Event "64th New York Masters"]
[Site "New York"]
[Date "2003.07.15"]
[Round "2"]
[White "Maltese, Adam"]
[Black "Kedyk, Dmitry"]
[Result "0-1"]
[WhiteElo "2001"]
[BlackElo "2361"]
[PlyCount "68"]
[EventDate "2003.07.15"]
[SourceDate "2002.01.21"]

1. d4 Nf6 2. Nf3 g6 3. Nc3 d5 4. Bf4 Bg7 5. e3 Bg4 6. Be2 Bxf3 7. Bxf3 c6 8.
O-O O-O 9. Rc1 Nbd7 10. e4 dxe4 11. Nxe4 Nxe4 12. Bxe4 Qb6 13. Be3 f5 14. d5 c5
15. d6 exd6 16. Qd5+ Kh8 17. Qxb7 fxe4 18. Qxd7 Rad8 19. Qg4 Qxb2 20. Qxe4 Qxa2
21. Bg5 Rde8 22. Qc6 Qe6 23. Qa6 Bd4 24. c3 Bxf2+ 25. Kh1 c4 26. Rcd1 Bc5 27.
Bh6 Rxf1+ 28. Rxf1 g5 29. Bxg5 Qf5 30. Qxc4 Qxg5 31. h4 Qe5 32. Qf7 Qe7 33. Qh5
Rg8 34. g4 Qe4+ 0-1

[Event "65th New York Masters"]
[Site "New York"]
[Date "2003.07.22"]
[Round "1"]
[White "Maltese, Adam"]
[Black "Van de Mortel, Jan"]
[Result "0-1"]
[WhiteElo "2001"]
[BlackElo "2399"]
[PlyCount "82"]
[EventDate "2003.07.22"]
[SourceDate "2002.01.21"]

1. d4 Nf6 2. Nf3 g6 3. e3 Bg7 4. Bd3 O-O 5. O-O c5 6. c3 d6 7. Nbd2 Nc6 8. Re1
e5 9. dxe5 dxe5 10. Qe2 Qc7 11. e4 Nh5 12. g3 a6 13. a4 Na5 14. b4 cxb4 15.
cxb4 Nc6 16. Ba3 Bg4 17. Qe3 Rfe8 18. Rec1 Qd7 19. Bf1 Nd4 20. Bb2 Rad8 21.
Nxd4 exd4 22. Qd3 f5 23. e5 f4 24. f3 Bf5 25. Qc4+ Be6 26. Qc5 fxg3 27. hxg3
Nxg3 28. Bd3 Bf5 29. Be4 Kh8 30. f4 d3 31. Re1 Ne2+ 32. Kf2 Nxf4 33. b5 Ne6 34.
Qe3 a5 35. Ba3 Nd4 36. Bd6 Nc2 37. Qg3 Nxa1 38. Rxa1 Qxd6 39. exd6 Bxa1 40.
Bxd3 Rxd6 41. Bxf5 Rxd2+ 0-1

[Event "65th New York Masters"]
[Site "New York"]
[Date "2003.07.22"]
[Round "2"]
[White "Stripunsky, Alexander"]
[Black "Mikhalevski, Victor"]
[Result "1-0"]
[WhiteElo "2651"]
[BlackElo "2573"]
[PlyCount "75"]
[EventDate "2003.07.22"]
[SourceDate "2002.01.21"]

1. e4 e5 2. Nf3 Nf6 3. Nxe5 d6 4. Nf3 Nxe4 5. Nc3 Nxc3 6. dxc3 Be7 7. Bf4 O-O
8. Qd2 Nd7 9. O-O-O Nc5 10. Nd4 Bf6 11. f3 Ne6 12. Be3 Nxd4 13. cxd4 Re8 14.
Bd3 Be6 15. g4 Bd5 16. Rhf1 Qe7 17. Rde1 Bh4 18. Re2 c6 19. c4 Be6 20. Kb1 Qd7
21. h3 b5 22. d5 cxd5 23. cxd5 Bxd5 24. Bxh7+ Kxh7 25. Qxd5 Kg8 26. Qd3 Qe6 27.
Rc1 a6 28. Rcc2 Qf6 29. Bd4 Qf4 30. a3 Rxe2 31. Rxe2 Rc8 32. Bc3 Qg3 33. Qf5
Rd8 34. Be1 Qxh3 35. Qh5 g5 36. Bc3 Qf1+ 37. Ka2 f6 38. Qg6+ 1-0

[Event "65th New York Masters"]
[Site "New York"]
[Date "2003.07.22"]
[Round "3"]
[White "Bonin, Jay R"]
[Black "Stripunsky, Alexander"]
[Result "0-1"]
[WhiteElo "2440"]
[BlackElo "2651"]
[PlyCount "94"]
[EventDate "2003.07.22"]
[SourceDate "2002.01.21"]

1. c4 e5 2. Nc3 Nc6 3. Nf3 Nf6 4. g3 Nd4 5. Bg2 Nxf3+ 6. Bxf3 Bb4 7. Nd5 Nxd5
8. cxd5 O-O 9. O-O Be7 10. d4 exd4 11. Qxd4 c5 12. dxc6 dxc6 13. Be3 Qxd4 14.
Bxd4 Rd8 15. Rfd1 Be6 16. Bc3 f6 17. b4 Kf7 18. a4 a6 19. Kf1 Bb3 20. Rxd8 Rxd8
21. b5 axb5 22. axb5 cxb5 23. Ra7 Rd1+ 24. Kg2 Rd7 25. Rxb7 Rxb7 26. Bxb7 b4
27. Bb2 f5 28. Kf3 Bc4 29. e4 fxe4+ 30. Bxe4 b3 31. Ke3 g6 32. f4 Be6 33. Kd3
Bc5 34. Bf3 Bg1 35. g4 Bxh2 36. f5 gxf5 37. gxf5 Bxf5+ 38. Kc4 Be6+ 39. Bd5
Bxd5+ 40. Kxd5 h5 41. Kc4 Ke6 42. Kxb3 Be5 43. Bc1 h4 44. Be3 Kf5 45. Kc2 Ke4
46. Kd2 Kf3 47. Ke1 h3 0-1